000 00481nam a2200181Ia 4500
005 20250326123426.0
008 250326s9999 xx 000 0 und d
037 _aTextbook
040 _aFMSL
_beng
_cFMSL
041 _aeng
_2eng
084 _aX724 N1
_qFMSL
100 _aAhuja G
245 0 _aIncome tax and sales tax
_cAhuja G; Gupta R
260 _aDelhi
_bDelhi, Sahitya Bhawan
_c2002
300 _a790p
942 _cTB
_hX724 N1
999 _c1269317
_d1269317